00551nam a22001577a 450000500170000001000150001702000260003203500130005803700130007110000180008424501010010226000460020327001020024930000230035150000190037420130711143736.0 aENG-107953 c895.00a9789350353141 aEN-91486 bDBAD/PUB aTahir Mahmood00aReligion Law and society across the Globe :cby Tahir Mahmoodbmusings of a seeker after truth / aDelhibUniversal Law Publishing Co.c2013 aC-FF-1A, Dilkhus Industrial Estate, (Near Azadpur Metro Station) G.T. Karnal Road,bDelhie110033 axi,518p.c22cm(Hb) aIncludes index